Totally Unrelated Trivia Quiz Stats

 Plays Quiz not verified by Sporcle

Challenge
Share
Tweet
Embed
Score 0/20 Timer 05:00
0 Plays Today
Question Answer % Correct
What is the square root of 361?19
89.8%
Which country has won the most (summer) Olympic medals?USA
89.8%
In what year was JFK assassinated?1963
83.7%
What car company has a logo consisting of four rings?Audi
81.6%
Who played Joey Tribbiani on 'Friends'?Matt LeBlanc
75.5%
How many players make up a cricket team?11
67.3%
What nationality is Hercule Poirot?Belgian
57.1%
Who wrote 'Under the Dome'Stephen King
49%
What is the 4th most populous country in the world?Indonesia
40.8%
What is the name of Ned Flanders' late first wife?Maude
38.8%
Question Answer % Correct
What is the weakest fundamental force?Gravity
34.7%
What does the French word 'pamplemousse' mean?Grapefruit
34.7%
Which family 'always pays their debts'?The Lannisters
32.7%
What was the first name of the founder of Ferrari?Enzo
26.5%
Which professional wrestler is known as 'The Nature Boy'?Ric Flair
22.4%
What film won the 'Best Picture' Oscar in 2011?The King's Speech
18.4%
What element is number 82?Lead
14.3%
What is the demonym for someone from Newcastle?Novocastrian
12.2%
How many SI base units are there?7
8.2%
Who originally played the Doctor in 'Doctor Who'?William Hartnell
8.2%

You're not logged in!

Compare scores with friends on all Sporcle quizzes.
Join for Free
OR
Log In

You Might Also Like...

Show Comments

Extras

Created Apr 13, 2014ReportNominate
Tags:totally, unrelated

Top Quizzes Today


Score Distribution

Your Account Isn't Verified!

In order to create a playlist on Sporcle, you need to verify the email address you used during registration. Go to your Sporcle Settings to finish the process.

Report this User

Report this user for behavior that violates our Community Guidelines.

Details: